00397nam a2200145Ia 450000500170000000800410001702000150005808200130007310000200008624500590010626000340016530000200019965000140021965000180023320250124042615.0240331s9999 xx 000 0 und d a9555992371 bARIa920 aAriyaratne, A.T 0aBhava Thanha :ban autobiography- Volume 1 (1931-1972) aRatmalanabVishva Lekhac2001 aXxiii, 495 p ., aBiography aAutobiography